Crossword - Flags - Hard☠️ - Statistics

General Stats
  • This quiz has been taken 72 times
  • The average score is 22 of 28
Answer Stats
A/D Clue Answer % Correct
8. Across Syria
91%
20. Across Ukraine
91%
22. Across China
86%
22. Down Cuba
84%
10. Across Indonesia
84%
21. Down Kenya
84%
11. Down Netherlands
84%
9. Down Yemen
84%
19. Down Brazil
83%
23. Across India
83%
15. Down Russia
83%
25. Across Australia
81%
14. Across North Macedonia
81%
16. Across Austria
80%
4. Down Laos
80%
6. Across Uganda
80%
24. Across Fiji
78%
3. Down Latvia
78%
13. Down Palau
78%
5. Down Dominica
77%
1. Down Mauritania
77%
18. Down Serbia
77%
17. Down Mali
75%
2. Down Rwanda
75%
7. Across Togo
75%
1. Across Marshall Islands
73%
12. Across Gambia
67%
Mystery Word Suriname
52%
No matching quizzes found
Score Distribution
Percent of People with Each Score
Percentile by Number Answered
Your Score History
You have not taken this quiz